Counseling individuals throung the lifespan / Daniel W. Wong, Kimberly R. Hall and Lucy W. Hernandez. (Record no. 22313)
| 000 -LEADER | |
|---|---|
| fixed length control field | 00647nam a22001937a 4500 |
| 020 ## - INTERNATIONAL STANDARD BOOK NUMBER | |
| ISBN | 978-1-0718-7532-2 |
| 082 ## - DEWEY DECIMAL CLASSIFICATION NUMBER | |
| Classification number | 158.3 |
| Item number | W872 |
| 100 ## - MAIN ENTRY--AUTHOR NAME | |
| Personal name | Wong, Daniel W., author. |
| 245 ## - TITLE STATEMENT | |
| Title | Counseling individuals throung the lifespan / Daniel W. Wong, Kimberly R. Hall and Lucy W. Hernandez. |
| 250 ## - EDITION STATEMENT | |
| Edition statement | Third edition |
| 260 ## - PUBLICATION, DISTRIBUTION, ETC. (IMPRINT) | |
| Place of publication | [Place of publication not identified] : |
| Name of publisher | Sage, |
| Year of publication | ©2025. |
| 300 ## - PHYSICAL DESCRIPTION | |
| Number of Pages | xix, 380 pages : |
| Other physical details | illustrations (chiefly color). |
| 500 ## - GENERAL NOTE | |
| General note | Includes references and index. |
| 650 ## - SUBJECT ADDED ENTRY--TOPICAL TERM | |
| Topical Term | Lifespan counseling. |
| 650 ## - SUBJECT ADDED ENTRY--TOPICAL TERM | |
| Topical Term | Counseling |
| 700 ## - ADDED ENTRY--PERSONAL NAME | |
| Personal name | Hall, Kimberly R. |
| 700 ## - ADDED ENTRY--PERSONAL NAME | |
| Personal name | Hernandez, Lucy W. |
| 942 ## - ADDED ENTRY ELEMENTS (KOHA) | |
| Koha item type | Electronic Books |
| Source of acquisition | Permanent Location | Date acquired | Collection code | Koha item type | Lost status | Shelving location | Withdrawn status | Current Location | Full call number |
|---|---|---|---|---|---|---|---|---|---|
| Donation | Cagayan State University - Carig Library | 2026-04-15 | E-Books | Electronic Books | E-Resource Section | Cagayan State University - Carig Library | 158.3 W872 2025 |